{"text_format":"3","workbook":"xls","n_sheets":2,"sheets":["报价表","滚筒的技术参数"],"not_rendered":{"external_links":1,"defined_names":2},"read":"whole","date_system":"1900","formulas":"cached_only"}

{"sheet":"报价表","index":0,"n_rows":133,"n_cols":16,"rows_kept":133,"merged":[[0,0,0,2],[1,0,1,14],[2,4,2,7]],"flags":["formulas_cached_only"]}
["附件3："]
["比 选 货 物 数 量 及 价 目 表"]
["比选编号：长招办询2024-022"]
["序号","物料编码","货物名称","规格","物料短描述","物料长描述","单位","招标量","单价  \n（元）","总价（元）","税率","付款方式","报价货物品牌/厂家","交货期","备注","申报单位"]
[1,"C0083557","头部清扫器","JAH/B=1000","清扫器；规格型号：JAH/B=1000；材质：组合件；图号：-","应用场合:首钢京唐炼铁部;安装位置:皮带机机头;驱动方式:被动驱动;皮带宽度:1000mm;刮刀高度:200mm;刮刀材料:聚氨酯;刮刀宽度:1000mm;","套",1,{"$nulls":7},"焦化厂"]
[2,"C0083558","头部清扫器","JAH/B=1200","清扫器；规格型号：JAH/B=1200",null,"套",1,{"$nulls":7},"焦化厂"]
[3,"C0083566","托辊","108*315*25(两头铣扁)","皮带机托辊；规格型号：108*315*25(两头铣扁)；图号：-","应用场合:炼钢/炼钢作业区;安装位置:皮带机;辊子直径:108;辊面宽度:315;卡槽尺寸:25;辊子类型: 普通托辊;辊子总长度:315;","件",1,{"$nulls":7},"炼钢厂"]
[4,"C0083571","缓冲托辊","89*315*20","皮带机托辊；规格型号：89*315*20","-","个",1,{"$nulls":7},"熔剂厂"]
[5,"C0083660","平行下托辊","108*1400*25","皮带机托辊；规格型号：108*1400*25",null,"件",1,{"$nulls":7},"九高炉/烧结"]
[6,"C0083683","缓冲托辊","Φ133*530*25","皮带机托辊；规格型号：Φ133*530*25",null,"件",1,{"$nulls":7},"焦化厂"]
[7,"C0083726","改向滚筒","Φ500*950 DTⅡ03B4102","皮带机托辊；规格型号：Φ500*950；图号：DTⅡ03B4102","应用场合:3高炉;安装位置:返焦、返矿皮带改向滚筒;辊子直径:500;辊面宽度:950;辊子数量:15;","件",1,{"$nulls":7},"动力"]
[8,"C0113073","槽型托辊","Φ133*465","皮带机托辊；规格型号：Φ133*465；图号：-",null,"件",1,{"$nulls":7},"焦化厂"]
[9,"C0113082","缓冲托辊组","89*240*20","皮带机托辊；规格型号：89*240*20；图号：TD2C9","-","套",1,{"$nulls":7},"熔剂厂"]
[10,"C0113083","槽形托辊组","89*240*20 TD2C1","皮带机托辊；规格型号：89*240*20；图号：TD2C1",null,"件",1,{"$nulls":7},"喷煤"]
[11,"C0113085","平行下托辊","Φ89*750*20","皮带机托辊；规格型号：Φ89*750*20；图号：TD2C3",null,"件",1,{"$nulls":7},"九高炉/八高炉/烧结/熔剂厂"]
[12,"C0113091","槽形托辊","89*240*20","皮带机托辊；规格型号：89*240*20；图号：TD2C1-1",null,"件",1,{"$nulls":7},"九高炉/八高炉/烧结/熔剂厂"]
[13,"C0232072","聚氨酯清扫器","JH-1000","清扫器；规格型号：JH-1000；材质：聚氨酯；图号：HBYT-QT/PU1000","应用场合:炼铁球团;安装位置:B=1000皮带;驱动方式:无动力;皮带宽度:1000;刮刀高度:300;刮刀材料:聚氨酯;刮刀宽度: 1000;","件",1,{"$nulls":7},"焦化厂"]
[14,"C0232076","无动力滚刷式清扫器","B=1200","清扫器；规格型号：B=1200；图号：-","应用场合:炼铁带焙项目;安装位置:烧一/烧二/烧三/烧四;驱动方式:无动力;皮带宽度:1200;","件",1,{"$nulls":7},"焦化厂"]
[15,"C0232095","改向滚筒","Φ400×1400 TD5B2","皮带机托辊；规格型号：Φ400×1400；图号：TD5B2","应用场合:炼钢;安装位置:皮带机;辊子直径:Φ400;辊面宽度:1400;","件",1,{"$nulls":7},"九高炉/喷煤/烧结"]
[16,"C0232097","槽形调心托辊 ","Φ133*465 DTⅡ(A)120C514M","皮带机托辊；规格型号：Φ133*465；图号：DTⅡ(A)120C514M","应用场合:9#高炉水渣;安装位置:2#,3#皮带;辊子直径:133;辊面宽度:465;","件",1,{"$nulls":7},"动力维修/焦化厂"]
[17,"C0232117","缓冲托辊","Ф89*190","皮带机托辊；规格型号：Ф89*190；图号：TD1C9","应用场合:活性石灰作业区;安装位置:套筒窑返粉皮带机;辊子直径:89;辊面宽度:190;卡槽尺寸:14;辊子类型:缓冲托辊;","件",1,{"$nulls":7},"熔剂厂"]
[18,"C0232140","摩擦下调心托辊","Φ89*500","皮带机托辊；规格型号：Φ89*500；材质：组合件；图号：DTⅡ03C2811","应用场合:一炼钢外围;安装位置:皮带机;辊子直径:89;辊面宽度:473;卡槽尺寸:14;辊子类型:光面;辊子总长度:500;","件",1,{"$nulls":7},"熔剂厂"]
[19,"C0232141","摩擦上调心托辊","Ф89*228*323-204","皮带机托辊；规格型号：Ф89*228*323-204；图号：DTⅡ03C1111","应用场合:活性石灰作业区;安装位置:套筒窑出灰皮带机;辊子直径:89;辊面宽度:228;卡槽尺寸:14;辊子类型:调心托辊;辊子总长度:323;辊子数量:18;","件",1,{"$nulls":7},"熔剂厂"]
[20,"C0232143","槽型托辊（托辊）","φ89×305 TD3C1","皮带机托辊；规格型号：Φ89*305；图号：TD3C1","应用场合:一炼钢精炼;安装位置:皮带上料;辊子直径:89;辊面宽度:305;卡槽尺寸:14;辊子类型:光面;辊子总长度:339;","件",1,{"$nulls":7},"烧结"]
[21,"C0232145","普通托辊","Ф89*465","皮带机托辊；规格型号：Ф89*465；图号：DTⅡGP1105","应用场合:活性石灰作业区;安装位置:套筒窑出灰皮带机;辊子直径:89;辊面宽度:465;卡槽尺寸:14;辊子类型:普通托辊;辊子总长度:950;辊子数量:18;","件",1,{"$nulls":7},"熔剂厂"]
[22,"C0232200","改向滚筒","Φ400*750 TD2B2","皮带机托辊；规格型号：Φ400*750；图号：TD2B2","应用场合:一炼钢外围;安装位置:成品间小灰块皮带机;辊子直径:400;辊面宽度:750;","件",1,{"$nulls":7},"八高炉/九高炉/烧结"]
[23,"C0232203","复式下托辊","Ф89×950加长轴","皮带机托辊；规格型号：Ф89×950加长轴；图号：DJ.JB5C567(改)","应用场合:活性石灰作业区;安装位置:套筒窑大倾角;辊子直径:89;辊面宽度:950;卡槽尺寸:14;辊子类型:普通托辊;","件",1,{"$nulls":7},"熔剂厂"]
[24,"C0232251","改向滚筒组","Φ500*950 TD3B3","皮带机托辊；规格型号：Φ500*950；材质：组合件；图号：TD3B3","应用场合:一炼钢炼钢;安装位置:转炉合金下料T4皮带机;","件",1,{"$nulls":7},"烧结"]
[25,"C0232258","缓冲托辊","Ф89*950"," 皮带机托辊；规格型号：Ф89*950；图号：TD3C9","应用场合:一炼钢外围;安装位置:S2皮带;辊子直径:89;辊面宽度:950;卡槽尺寸:14;辊子类型:缓冲;","件",1,{"$nulls":7},"熔剂厂"]
[26,"C0232279","改向滚筒","Φ400*750 DTⅡ02B3081","皮带机托辊；规格型号：Φ400*750；图号：DTⅡ02B3081","应用场合:炼铁;安装位置:皮带机;辊子直径:D400;辊面宽度:750;","件",1,{"$nulls":7},"八高炉/原料"]
[27,"C0232289","传动滚筒"," Φ500*750 1T2A3Ⅱ","皮带机托辊；规格型号：Φ500*750；图号：1T2A3Ⅱ","应用场合:炼铁球团烧结;安装位置:650皮带;辊子直径:D500;辊面宽度:750;辊子总长度:1000;","件",1,{"$nulls":7},"烧结"]
[28,"C0232307","改向滚筒","φ400×1150 TD4B2","皮带机托辊；规格型号：Φ400*1150 ；材质：组合件；图号：TD4B2","应用场合:炼铁球团烧结;安装位置:1000皮带;辊子直径:D400;辊面宽度:1150;辊子总长度:1410;","件",1,{"$nulls":7},"烧结"]
[29,"C0232376","改向滚筒","DTⅡ05B2061 ¢315*1400","皮带机托辊；规格型号：Φ315*1400；图号：DTⅡ05B2061","应用场合:炼铁烧结;安装位置:360皮带机;辊子直径:D315;辊面宽度:1400;辊子总长度:1700;","件",1,{"$nulls":7},"原料"]
[30,"C0232398","缓冲托辊","φ108×455 TD5C9","皮带机托辊；规格型号：108×455；材质：组合件；图号：-","应用场合：炼铁球团烧结；安装位置：B1200皮带机；辊子直径：D108；辊面宽度：455；","件",1,{"$nulls":7},"九高炉/八高炉/原料/烧结"]
[31,"C0232400","托辊","89×305","皮带机托辊；规格型号：89×305；材质：组合件；图号：-"," 应用场合：炼铁球团烧结；安装位置：皮带机；辊子直径：D89；辊面宽度：305；","件",1,{"$nulls":7},"熔剂厂"]
[32,"C0232401","托辊","φ108×375 ","皮带机托辊；规格型号：108×375；材质：组合件；图号：-","应用场合：炼铁球团烧结；安装位置：皮带机；辊子直径：D108；辊面宽度：375；","件",1,{"$nulls":7},"烧结/喷煤"]
[33,"C0232402","托辊","φ108×455","皮带机托辊；规格型号：Φ108*455；材质：组合件；图号：-","用场合:炼铁球团烧结;安装位置:皮带机;辊子直径:D108;辊面宽度:455;卡槽尺寸: 18;","件",1,{"$nulls":7},"九高炉/原料/烧结/喷煤"]
[34,"C0232404","平行下托辊","89*750*150(两端轴加长150mm)","皮带机托辊；规格型号：89*750*150(两端轴加长150mm)；图号：TD2C3改",null,"件",1,{"$nulls":7},"烧结"]
[35,"C0232405","托辊","89×950","皮带机托辊；规格型号：89×950；材质：组合件；图号：-"," 应用场合：炼铁球团烧结；安装位置：皮带机；辊子直径：D89；辊面宽度：950；","件",1,{"$nulls":7},"熔剂厂"]
[36,"C0232406","平行下托辊","108×1150","皮带机托辊；规格型号：108×1150；材质：组合件；图号：-","应用场合：炼铁球团烧结；安装位置：皮带机；辊子直径：D108；辊面宽度：1150；","件",1,{"$nulls":7},"烧结"]
[37,"C0232408","缓冲托辊","108×375","皮带机托辊；规格型号：108×375；材质：组合件；图号：-","应用场合：炼铁球团烧结；安装位置：B1000皮带机；辊子直径：D108；辊面宽度：375；","件",1,{"$nulls":7},"烧结"]
[38,"C0232410","托辊","89×190","皮带机托辊；规格型号：89×190；材质：组合件；图号：-","应用场合：炼铁球团烧结；安装位置：皂土钠4皮带；辊子直径：D89；辊面宽度：190；","件",1,{"$nulls":7},"熔剂厂"]
[39,"C0232411","槽型托辊","Ф89*203","皮带机托辊；规格型号：Ф89*203；图号：TD75","应用场合:潞城作业区;安装位置:竖窑返粉皮带机;辊子直径:D89;辊面宽度:203;卡槽尺寸:14;","件",1,{"$nulls":7},"熔剂厂"]
[40,"C0232412","下调心托辊 ","DTII(A)120C561M Φ133*690","皮带机托辊；规格型号：Φ133*690；图号：DTII(A)120C561M","应用场合:9#高炉水渣;安装位置:2#,3#皮带机;辊子直径:Φ133;辊面宽度:690;卡槽尺寸:通扁25mm;辊子类型:槽型托辊;辊子总长度:740mm;","件",1,{"$nulls":7},"动力维修/焦化厂"]
[41,"C0232413","缓冲托辊","89×305","皮带机托辊；规格型号：89×305；材质：组合件；图号：-","应用场合：炼铁球团烧结；安装位置：B800皮带机；辊子直径：D89；辊面宽度：305；","件",1,{"$nulls":7},"熔剂厂"]
[42,"C0232420","平行下托辊","Ф133×1000 DTII(A)100C560","皮带机托辊；规格型号：Ф133×1000；图号：DTII(A)100C560",";辊子直径:D133;辊面宽度:1000;","件",1,{"$nulls":7},"动力维修/焦化厂"]
[43,"C0232440","托辊","89*315","皮带机托辊；规格型号：89*315；材质：组合件；图号：-","应用场合：炼铁烧结；安装位置：液压纠偏装置；辊子直径：D89；辊面宽度：315；","件",1,{"$nulls":7},"熔剂厂/炼钢厂"]
[44,"C0232442","槽型托辊","φ89*250（G303）","皮带机托辊；规格型号：89*250；材质：组合件；图号：-","应用场合：炼铁球团烧结；安装位置：B650皮带机；辊子直径：D89；辊面宽度：250；","件",1,{"$nulls":7},"炼钢厂"]
[45,"C0232497","改向滚筒","Ф320*750(包胶)","皮带机托辊；规格型号：Ф320*750(包胶)；图号：TD2B1","应用场合:皮带输送机;安装位置:上煤主皮带;辊子直径:320mm;辊面宽度:750mm;","件",1,{"$nulls":7},"烧结"]
[46,"C0232542","皮带机主改向滚筒","DTⅡ05B3122∮400*1400","皮带机托辊；规格型号：Φ400*1400；材质：组合件；图号：DTⅡ05B3122","应用场合:炼铁高炉原料;安装位置:原料S1—2皮带机;辊子直径:D400;辊面宽度:1400;","件",1,{"$nulls":7},"原料"]
[47,"C0232588","皮带机缓冲托辊","φ89*315(G304H)","皮带机托辊；规格型号：φ89*315*15；材质：组合件；图号：-","应用场合：炼铁高炉上料；安装位置：原料F2-1皮带机；辊子直径：D89；辊面宽度：315；","件",1,{"$nulls":7},"炼钢厂"]
[48,"C0232590","平行下托辊","DTⅡ05C2124(G) φ108*1400","皮带机托辊；规格型号：Φ108*1400；材质：35#；图号：DTⅡ05C2124(G)","应用场合:炼铁;安装位置:加料皮带/矿1带;辊子直径:Φ108;辊面宽度:1400;卡槽尺寸:15;辊子总长度:1438;","件",1,{"$nulls":7},"原料"]
[49,"C0232662","滚筒","Φ500*1400 120B205","皮带机托辊；规格型号：Φ500*1400；材质：组合件；图号：120B205","应用场合:炼铁高炉原料;安装位置:原料运输皮带;辊子直径:D500;辊面宽度:1400;","件",1,{"$nulls":7},"动力/焦化厂"]
[50,"C0232715","缓冲托辊","133*465*22","皮带机托辊；规格型号：133*465*22；材质：组合件；图号：-","应用场合：炼铁高炉上料；安装位置：上料皮带；辊子直径：D133；辊面宽度：465；卡槽尺寸：22；","件",1,{"$nulls":7},"焦化厂"]
[51,"C0232750","立辊","80/60*160-M16","皮带机托辊；规格型号：80/60*160-M16；材质：组合件；图号：-"," 应用场合：炼铁高炉上料；安装位置：上料皮带；辊子直径：D80-60；辊面宽度：160；卡槽尺寸：m16；","件",1,{"$nulls":7},"熔剂厂"]
[52,"C0232798","板调辊","Ф89*315","皮带机托辊；规格型号：Ф89*315；图号：-","应用场合:长钢炼钢厂;安装位置:管带机;辊子直径:Ф89;辊面宽度:315;","件",1,{"$nulls":7},"炼钢厂"]
[53,"C0232886","缓冲托辊","Φ133*380*18","皮带机托辊；规格型号：Φ133*380*18；材质：组合件；图号：YJZMJQMCB-32-6","应用场合:鼎盛成-皮带机;安装位置:皮带机;辊子直径:133;辊面宽度:380;卡槽尺寸: 18;","件",1,{"$nulls":7},"焦化厂"]
[54,"C0232890","槽型托辊","φ133*380"," 皮带机托辊；规格型号：φ133*380；材质：组合件；图号：YJZMJQMCB-32-10","应用场合：鼎盛成-皮带机；安装位置：皮带机；辊子直径：133；辊面宽度：380；","件",1,{"$nulls":7},"焦化厂"]
[55,"C0232924","改向滚筒","Φ400×1400 TD5B2","皮带机托辊；规格型号：Φ400×1400；图号：TD5B2","应用场合:炼钢;安装位置:皮带机;辊子直径:Φ400;辊面宽度:1400;","件",1,{"$nulls":7},"原料"]
[56,"C0232997","立辊","Φ60*150*20/M16","皮带机托辊；规格型号：Φ60*150*20/M16；材质：铸铁；图号：-","应用场合：京唐炼铁矿选；安装位置：皮带机；辊子直径：60；辊面宽度：150；","件",1,{"$nulls":7},"熔剂厂"]
[57,"C0233139","托辊","133*1400*30","皮带机托辊；规格型号：133*1400*30；材质：组合件；图号：-","应用场合：京唐炼铁部球团作业区；安装位置：皮带机；辊子直径：133；辊面宽度：1400；","件",1,{"$nulls":7},"动力维修/焦化厂"]
[58,"C0233182","单头调心托辊","(ф240+ф133)*(105+365)*25","皮带机托辊；规格型号：(ф240+ф133)*(105+365)*25；材质：组合件；图号：-","应用场合：京唐炼铁烧结；安装位置：混四皮带机；辊子直径：133；辊面宽度：365；","件",1,{"$nulls":7},"焦化厂/八高炉"]
[59,"C0233315","改向滚筒","D315*1400含轴承座","皮带机托辊；规格型号：D315*1400；材质：组合件；图号：YJQT05B1654","应用场合:京唐炼铁部球团作业区;安装位置:皮带机;辊子直径:315;辊面宽度:1400;","件",1,{"$nulls":7},"动力/焦化厂"]
[60,"C0233344","改向滚筒","Φ400*1400 DTⅡ05B3102","皮带机托辊；规格型号：Φ400*1400；图号：DTⅡ05B3102","应用场合:京唐炼铁高炉冲渣;安装位置:皮带机;辊子直径:400;辊面宽度:1400;","件",1,{"$nulls":7},"原料"]
[61,"C0233349","改向滚筒","Φ400*1400 120B204","皮带机托辊；规格型号：Φ400*1400；图号：120B204","应用场合:京唐供料混匀料场;安装位置:皮带机;辊子直径:400mm;辊面宽度:1400mm;辊子总长度: 1861mm;","件",1,{"$nulls":7},"八高炉/动力"]
[62,"C0233360","改向滚筒","Ф630*1400","皮带机托辊；规格型号：Ф630*1400；图号：120B106","应用场合:京唐供料煤料场;安装位置:皮带机;辊子直径:630mm;辊面宽度:1400mm;","套",1,{"$nulls":7},"焦化厂"]
[63,"C0233371","平行下托辊","Φ89*950*150(两端轴加长150mm)","皮带机托辊；规格型号：Φ89*950*150(两端轴加长150mm)；图号：TD3C3改","应用场合:炼铁烧结;安装位置:B800皮带机;辊子直径:89;辊面宽度:950;卡槽尺寸:14;辊子类型:锥形包胶;辊子总长度:1100;","件",1,{"$nulls":7},"烧结/熔剂厂"]
[64,"C0233415","传动滚筒","Φ500*950 TD3A33","皮带机托辊；规格型号：Φ500*950；图号：TD3A33","应用场合:供料供返料;安装位置:皮带机;辊子直径:500mm;辊面宽度:950mm;","件",1,{"$nulls":7},"动力"]
[65,"C0233762","改向滚筒(铸胶)","DTⅡ02B4082","质：组合件；图号：DTⅡ02B4082","应用场合:京唐炼钢皮带;安装位置:铁线皮带机;辊子直径: 500;辊面宽度:750;辊子类型: 改向滚筒;辊子总长度: 1109;辊子数量: 1;","件",1,{"$nulls":7},"八高炉"]
[66,"C0233803","凸弧段托辊（重型）","φ133*950*45","皮带机托辊；规格型号：φ133*950*45；材质：Q235；图号：DJC3C83","应用场合:京唐炼钢钢渣间;安装位置:生产线皮带机;辊子直径:133mm;辊面宽度: 950mm;卡槽尺寸: 30mm;辊子类型: 凸弧段重型托辊;辊子总长度: 1230mm;辊子数量:1;","件",1,{"$nulls":7},"熔剂厂"]
[67,"C0307731","改向滚筒","Φ320*750 TD2B1","皮带机托辊；规格型号：Φ320*750；图号：TD2B1","应用场合:炼铁;安装位置:球烧;辊子直径:Φ320;辊面宽度:750;","件",1,{"$nulls":7},"八高炉/九高炉"]
[68,"C0310814","托辊","133*1600*18","皮带机托辊；规格型号：133*1600*18；材质：组合件；图号：-",null,"件",1,{"$nulls":7},"焦化厂"]
[69,"C0312867","改向滚筒（铸胶）","Φ500*1400 TD5B3","皮带机托辊；规格型号：φ500×1400  ；材质：-；图号： TD5B3","应用场合:皮带机;安装位置:改向滚筒;辊子直径:500;辊面宽度:1200;","件",1,{"$nulls":7},"喷煤"]
[70,"C0312871","改向滚筒","Φ500*750","皮带机托辊；规格型号：Φ500*750；图号：-","应用场合:炼铁烧结;安装位置:皮带机;辊子直径:Φ500;辊面宽度:750;","件",1,{"$nulls":7},"烧结"]
[71,"C0330447","FJ21皮带机平行下托辊","Φ89*950*15  TD3C3","皮带机托辊；规格型号：Φ89*950*15；图号：TD3C3",null,"件",1,{"$nulls":7},"原料/烧结/熔剂厂"]
[72,"C0791610","平行下托辊","Ф108*1400(两端轴加长150mm)","皮带机托辊；规格型号：Ф108*1400(两端轴加长150mm)；图号：TD5C3改","辊子直径:Ф108;辊面宽度:1400;","件",1,{"$nulls":7},"烧结"]
[73,"C0794998","下托辊","φ133*1400","皮带机托辊；规格型号：φ133*1400；材质：-；图号：-","辊子直径:Φ133;辊子总长度:1400;辊子数量:1;","件",1,{"$nulls":7},"焦化厂"]
[74,"C0849799","挡辊","Ф60×190","皮带机托辊；规格型号：60-190；图号：DG01","应用场合:皮带系统;安装位置:成品皮带;辊子直径:60;辊面宽度:155;辊子总长度:190;","件",1,{"$nulls":7},"炼钢厂"]
[75,"C0904040","平行托辊","φ89*950(G315)","皮带机托辊；规格型号：Φ89*950*14；材质：-；图号：-\n","应用场合:选矿车间;安装位置:磨选;辊子直径:Φ89mm;辊面宽度:950mm;卡槽尺寸:14mm;辊子总长度:990mm;\n","件",1,{"$nulls":7},"炼钢厂"]
[76,"C0913626","V型托辊","DTIIGP4308 B=1200 φ159×700","皮带机托辊；规格型号：Φ159*700；材质：-；图号：DTⅡGP4308","应用场合:炼铁原料;安装位置:集中卸矿皮带机;辊子直径:Φ159mm;辊面宽度:700mm;卡槽尺寸:两头扁平23mm;辊子类型:V型托辊;辊子总长度:740mm;辊子数量:468;","件",1,{"$nulls":7},"原料"]
[77,"C0920233","聚氨酯清扫器","B1200-QY-HQ","清扫器；规格型号：B1200-QY-HQ；材质：聚氨酯；图号：-","应用场合:料场作业区;安装位置:皮带机;驱动方式:焊接;","件",1,{"$nulls":7},"焦化厂"]
[78,"C0930601","平行下托辊","B=1200 φ108×1400 TD5C3","皮带机托辊；规格型号：Ф108*1400；材质：-；图号：TD5C3","应用场合:炼铁原料;安装位置:预配料皮带机;辊子直径:Φ108mm;辊面宽度:1400mm;卡槽尺寸:两头扁平17mm;辊子类型:平行下托辊;辊子总长度:1440mm;辊子数量:60;","件",1,{"$nulls":7},"九高炉/原料/烧结/喷煤"]
[79,"C0930617","缓冲可逆中包胶辊","B=800 φ108*280","皮带机托辊；规格型号：B=800/Ф108*280；材质：-；图号：TD5C35","应用场合:九高炉;安装位置:加料;辊子直径:物料焦炭,棒条材质304,棒条间距25mm,棒条直径12mm。;辊面宽度:1400mm;卡槽尺寸:两头扁平17mm;辊子类型:平行下托辊;辊子总长度:1440mm;辊子数量:60;","件",1,{"$nulls":7},"烧结"]
[80,"C0930620","锥形下调心包胶托辊","B=800/Ф108*Ф165*445","皮带机托辊；规格型号：B=800/Ф108*Ф165*445；材质：-；图号：DTⅡ03C3043.1改",";辊面宽度:750;卡槽尺寸:含轴承座;辊子类型:传动;辊子总长度:1400mm;辊子数量:40;","件",1,{"$nulls":7},"烧结"]
[81,"C0930624","摩擦下调心托辊","Ф240/Ф133*(107+680)","皮带机托辊；规格型号：Ф240/Ф133*(107+680)；材质：-；图号：DTⅡ(A)140C561M","应用场合:备煤炼焦煤皮带;安装位置:M6;辊子直径: Φ240/Φ133;辊面宽度:1400;卡槽尺寸:含轴承座;辊子类型:改向;辊子总长度:1400mm;辊子数量:40;","件",1,{"$nulls":7},"焦化厂"]
[82,"C0930625","槽型托辊","Ф133*530","皮带机托辊；规格型号：Ф133*530；材质：-；图号：DTⅡ(A)140C524","应用场合:备煤炼焦煤皮带;安装位置:M6;辊子直径:133;辊面宽度:1400;卡槽尺寸:含轴承座;辊子类型:改向;辊子总长度:1400mm;辊子数量:40;","件",1,{"$nulls":7},"焦化厂"]
[83,"C0930726","摩擦上调心托辊","Ф240/Ф133*(107+430)","皮带机托辊；规格型号：Ф240/Ф133*(107+430)；材质：-；图号：DTⅡ(A)140C514M","应用场合:备煤炼焦煤皮带;安装位置:M6;辊子直径: Φ240/Φ133;辊面宽度:1400;卡槽尺寸:含轴承座;辊子类型:改向;辊子总长度:1400mm;辊子数量:40;","件",1,{"$nulls":7},"焦化厂"]
[84,"C0930727","锥形上调心包胶托辊","B=800/Ф108*Ф150*305","皮带机托辊；规格型号：B=800/Ф108*Ф150*305；材质：-；图号：DTⅡ03C3055.1改2",";辊面宽度:750;卡槽尺寸:含轴承座;辊子类型:传动;辊子总长度:1400mm;辊子数量:40;","件",1,{"$nulls":7},"烧结"]
[85,"C0930729","锥形下调心包胶托辊","B=1200 φ128*φ194*680","皮带机托辊；规格型号：B=1200/Ф108*Ф194*680；材质：-；图号：DTⅡ05C3054.1改",";辊面宽度:680mm;卡槽尺寸:两头扁平20mm;辊子类型:锥型下调心托辊;辊子总长度:720mm;辊子数量:40;","件",1,{"$nulls":7},"烧结"]
[86,"C0930730","缓冲托辊","φ159×465 DTIIGH4405","皮带机托辊；规格型号：Ф159*465；材质：-；图号：DTⅡGH4405","应用场合:炼铁原料;安装位置:集中卸矿皮带机;辊子直径:Φ159mm;辊面宽度:465mm;卡槽尺寸:两头扁平20mm;辊子类型:缓冲托辊;辊子总长度:505mm;辊子数量:40;","件",1,{"$nulls":7},"原料"]
[87,"C0930731","槽型托辊","φ159*1180（ 改）","皮带机托辊；规格型号：Ф159*1180(改);b=18；材质：-；图号：DTⅡGP5706（改）","应用场合:炼铁/原料作业区;安装位置:卸矿卸料器;辊子直径:159mm;辊面宽度:1180mm;卡槽尺寸:18mm;辊子类型:光面;辊子总长度:570mm;辊子数量:1200;","件",1,{"$nulls":7},"原料"]
[88,"C0930732","锥形下调心包胶辊","B=1400 φ108*φ194*780 DTII06C3054 （b=22）","皮带机托辊；规格型号：Ф108*Ф194*780；材质：-；图号：DTII06C3054","应用场合:原料;安装位置:皮带机;辊子直径:108/194;辊面宽度:780;卡槽尺寸:22;辊子类型:锥形下调心包胶辊;辊子总长度:1400mm;辊子数量:1;","件",1,{"$nulls":7},"原料"]
[89,"C0930733","缓冲托辊","φ108×465 DTIIGH2305","皮带机托辊；规格型号：Ф108*465；材质：-；图号：DTIIGH2305","用场合:炼铁原料;安装位置:预配料皮带机;辊子直径:Φ108mm;辊面宽度:465mm;卡槽尺寸:22;辊子类型:缓冲托辊;辊子总长度:1400mm;辊子数量:1;","件",1,{"$nulls":7},"原料"]
[90,"C0930735","缓冲可逆中包胶辊","B=1200 φ108*415","皮带机托辊；规格型号：Ф108*415；材质：-；图号：G406H","应用场合:炼铁原料;安装位置:预配料皮带机;辊子直径:Φ108mm;辊面宽度:415mm;卡槽尺寸:两头扁平17mm;辊子类型:槽型托辊;辊子总长度:455mm;辊子数量:24;","件",1,{"$nulls":7},"原料/烧结"]
[91,"C0930762","缓冲可逆中包胶辊","B=650 φ108*200","皮带机托辊；规格型号：B=650/Ф108*200；材质：-；图号：TD4C33","应用场合:九高炉;安装位置:加料;辊子直径:物料焦炭,棒条材质304,棒条间距25mm,棒条直径12mm。;辊面宽度:1150mm;卡槽尺寸:两孔轴承瓦加;辊子类型:平辊;辊子总长度:1150mm;辊子数量:60;","件",1,{"$nulls":7},"烧结"]
[92,"C0930766","槽型托辊","TD2C1 Φ89*250","皮带机托辊；规格型号：Ф89*250；材质：-；图号：TD2C1","应用场合:皮带输送机;安装位置:F-3皮带托架;辊子直径: Φ89;辊面宽度:250;卡槽尺寸:15mm;辊子类型:槽型;辊子总长度:725;辊子数量:60;","件",1,{"$nulls":7},"八高炉"]
[93,"C0930769","可逆下调心托辊","MTX-F1200 Φ133*695-120*Φ240","皮带机托辊；规格型号：Ф133*695-120*Ф240；材质：35#；图号：MTX-F1200","应用场合:加料皮带;安装位置:主皮带;辊子直径:133;辊面宽度:695;卡槽尺寸:15;辊子类型:可逆;辊子总长度:725;辊子数量:60;","件",1,{"$nulls":7},"八高炉"]
[94,"C0930772","平行下托辊","Ф108*950","皮带机托辊；规格型号：Ф108*950；材质：-；图号：G415","应用场合:DTII(A)型皮带机;安装位置:钢渣处理线;辊子直径:108;辊面宽度:950;卡槽尺寸:8;辊子类型:光面;辊子总长度:984;辊子数量:109;","件",1,{"$nulls":7},"炼钢厂"]
[95,"C0930773","缓冲托辊","Ф108*315","皮带机托辊；规格型号：Ф108*315；材质：35#；图号：G404H","应用场合:加料皮带;安装位置:焦1带;辊子直径:108;辊面宽度:315;卡槽尺寸:15;辊子类型:缓冲;辊子总长度:485;辊子数量:24;","件",1,{"$nulls":7},"炼钢厂"]
[96,"C0930774","平行下托辊","Ф89*750","皮带机托辊；规格型号：Ф89*750；材质：-；图号：G312","应用场合:DTII(A)型皮带机;安装位置:钢渣处理线;辊子直径:89;辊面宽度:750;卡槽尺寸:无卡槽,平面14mm;辊子类型:光面;辊子总长度:778;辊子数量:24;","件",1,{"$nulls":7},"炼钢厂"]
[97,"C0930775","缓冲托辊","Ф89*250","皮带机托辊；规格型号：Ф89*250；材质：-；图号：G303H","应用场合:DTII(A)型皮带机;安装位置:钢渣处理线;辊子直径:89;辊面宽度:250;卡槽尺寸:无卡槽,平面14mm;辊子类型:缓冲;辊子总长度:278;辊子数量:50;","件",1,{"$nulls":7},"炼钢厂"]
[98,"C0930781","缓冲托辊","Ф133*465 DTIIGH3405","皮带机托辊；规格型号：Ф133*465；材质：-；图号：DTIIGH3405","应用场合:九高炉;安装位置:加料;辊子直径:物料焦炭,棒条材质304,棒条间距25mm,棒条直径12mm。;辊面宽度:465mm;卡槽尺寸:22;辊子类型:缓冲托辊;辊子总长度:1400mm;辊子数量:1;","件",1,{"$nulls":7},"八高炉/动力维修/焦化厂"]
[99,"C0930784","槽型托辊架DTII型","B=1200","皮带机托辊；规格型号：B=1200；材质：-；图号：DTII05C0144","应用场合:高炉水渣;安装位置:2#带3#带;辊子直径: Φ800;辊面宽度:1400;卡槽尺寸:18mm;辊子类型:改向;辊子总长度:1400mm;辊子数量:1;","件",1,{"$nulls":7},"焦化厂"]
[100,"C0930787","DTII型托辊","DTIIGP4406 φ159×530","皮带机托辊；规格型号：Ф159*530；材质：-；图号：DTⅡGP4406","应用场合:炼铁原料;安装位置:集中卸矿皮带机;辊子直径:Φ159mm;辊面宽度:530mm;卡槽尺寸:两头扁平16mm;辊子类型:槽型托辊;辊子总长度:570mm;辊子数量:1200;","件",1,{"$nulls":7},"原料"]
[101,"C0930788","V型托辊","B=1400 φ159×800 DTIIGP4310","皮带机托辊；规格型号：Ф159×800;B=1400 ;b=18；材质：-；图号：DTⅡGP4310","应用场合:炼铁/原料作业区;安装位置:卸矿皮带;辊子直径:159mm;辊面宽度:800mm;卡槽尺寸:18mm;辊子类型:光面;辊子总长度:570mm;辊子数量:1500;","件",1,{"$nulls":7},"原料"]
[102,"C0930789","槽型托辊（DTII型）","φ108×465 DTIIGP2305","皮带机托辊；规格型号：Ф108*465；材质：-；图号：DTⅡGP2305","用场合:炼铁原料;安装位置:预配料皮带机;辊子直径:Φ108mm;辊面宽度:465mm;卡槽尺寸:18mm;辊子类型:槽型托辊;辊子总长度:570mm;辊子数量:1500;","件",1,{"$nulls":7},"九高炉/原料/烧结"]
[103,"C0930792","锥型上调心包胶辊","B=1400 φ133*φ194*550 DTII06C1244 （b=22）","皮带机托辊；规格型号：Ф133*194*550;B=1400;b=22；材质：-；图号：DTⅡ06C1244","应用场合:炼铁/原料作业区;安装位置:卸矿皮带;辊子直径:133/194mm;辊面宽度:550mm;卡槽尺寸:22mm;辊子类型:锥形包胶;辊子总长度:720mm;辊子数量:40;","件",1,{"$nulls":7},"原料"]
[104,"C0930793","锥形上调心包胶托辊","B=650/Ф108*Ф150*275","皮带机托辊；规格型号：B=650/Ф108*Ф150*275；材质：-；图号：DTⅡ05C3055.1改1",";辊面宽度:680mm;卡槽尺寸:两头扁平20mm;辊子类型:锥型下调心托辊;辊子总长度:720mm;辊子数量:40;","件",1,{"$nulls":7},"烧结"]
[105,"C0930794","锥形下调心包胶辊","B=1200 φ133*φ194*680 DTII05C3054 （b=22）","皮带机托辊；规格型号：Ф133*Ф194*680；材质：-；图号：DTⅡ05C3054","应用场合:炼铁原料;安装位置:集中卸矿皮带机;辊子直径:Φ133mm*Φ194mm;辊面宽度:680mm;卡槽尺寸:两头扁平20mm;辊子类型:锥型下调心托辊;辊子总长度:720mm;辊子数量:40;","件",1,{"$nulls":7},"原料"]
[106,"C0930796","锥形下调心包胶辊：","DTⅡ05C3054 Φ108*Φ194*680\n(b=18)","皮带机托辊；规格型号：Ф108*Ф194*680；材质：-；图号：DTⅡ05C3054","应用场合:炼铁原料;安装位置:预配料皮带机;辊子直径:Φ108mm×Φ194mm;辊面宽度:680mm;卡槽尺寸:两头扁平17mm;辊子类型:锥型包胶;辊子总长度:720mm;辊子数量:40;","件",1,{"$nulls":7},"原料"]
[107,"C0930797","缓冲可逆下包胶辊","B=650/Ф95*Ф140*340","皮带机托辊；规格型号：B=650/Ф95*Ф140*340；材质：-；图号：DTⅡ05C3051.1改",";辊面宽度:450mm;卡槽尺寸:两头扁平17mm;辊子类型:锥型包胶;辊子总长度:490mm;辊子数量:40;","件",1,{"$nulls":7},"烧结"]
[108,"C0930798","缓冲可逆上包胶辊","B=1200 φ128*φ178*450","皮带机托辊；规格型号：Ф128*Ф178*450；材质：-；图号：DTⅡ05C1244改","应用场合:炼铁原料;安装位置:预配料皮带机;辊子直径:Φ128mm×Φ178mm;辊面宽度:450mm;卡槽尺寸:两头扁平17mm;辊子类型:锥型包胶;辊子总长度:490mm;辊子数量:40;","件",1,{"$nulls":7},"原料/烧结"]
[109,"C0930799","锥形上调心中包胶辊","B=1200 φ159×380 DTII05C1244\n（b=22）","皮带机托辊；规格型号：Ф159×380;B=1200;b=22；材质：-；图号：DTⅡ05C1244","应用场合:炼铁/原料作业区;安装位置:卸矿皮带;辊子直径:159mm;辊面宽度:380mm;卡槽尺寸:22mm;辊子类型:锥形包胶;辊子总长度:500mm;辊子数量:40;","件",1,{"$nulls":7},"原料"]
[110,"C0930851","鼓形辊子","Φ115-97X180","皮带机托辊；规格型号：Ф115-97*180；材质：-；图号：-","应用场合:长钢炼钢厂;安装位置:管带机;辊子直径:97-115;辊面宽度:180;卡槽尺寸:平头无卡槽;辊子类型:YD型;1.0m/s;5.5KW;辊子总长度:140mm;辊子数量:内置;","件",1,{"$nulls":7},"炼钢厂"]
[111,"C0930855","托辊","Ф133*1400","皮带机托辊；规格型号：Ф133*1400；材质：-；图号：-","应用场合:筛运焦;安装位置:皮带机;辊子直径:133;辊面宽度:1360;卡槽尺寸:18;辊子类型:G521DTⅡ(A)/平行下托辊;辊子总长度:1400;辊子数量:700;","件",1,{"$nulls":7},"动力维修"]
[112,"C0930856","头部聚氨酯清扫器","B=1200","清扫器；规格型号：B=1200；材质：-；图号：TD5d2","应用场合:九高炉;安装位置:加料;驱动方式:物料焦炭,棒条材质304,棒条间距25mm,棒条直径12mm。;皮带宽度:1200mm;刮刀高度:100mm;刮刀材料:不锈钢;刮刀宽度:1400mm;序列号:280;类型:接触式;","套",1,{"$nulls":7},"焦化厂"]
[113,"C0930866","滚刷清扫器","YQ-XQ-Ⅰ-1000","清扫器；规格型号：YQ-XQ-Ⅰ-1000；材质：-；图号：-","应用场合:备煤炼焦煤皮带;安装位置:M6 ;驱动方式:1000;皮带宽度:mm;刮刀高度:80mm;刮刀材料:尼龙刷;刮刀宽度:650mm;序列号:280;类型:接触式;","件",1,{"$nulls":7},"焦化厂"]
[114,"C0930869","空段清扫器","140E21","清扫器；规格型号：140E21；材质：-；图号：-","应用场合:备煤炼焦煤皮带;安装位置:M4;驱动方式:1400;皮带宽度:1200mm;刮刀高度:mm;刮刀材料:聚氨酯;刮刀宽度:r/min;序列号:280;类型:接触式;","件",1,{"$nulls":7},"焦化厂"]
[115,"C0930870","空段清扫器","B=1200/逆止器NE型","清扫器；规格型号：B=1200/逆止器NE型；图号：120E21","应用场合:干熄焦;安装位置:皮带机;皮带宽度:1200mm;刮刀高度:mm;刮刀材料:聚氨酯;刮刀宽度:r/min;序列号:280;类型:接触式;","件",1,{"$nulls":7},"焦化厂"]
[116,"C0930871","空段清扫器","逆止器NE型"," 清扫器；规格型号：逆止器NE型；图号：100E21","应用场合:备煤炼焦煤皮带;安装位置:M8;驱动方式:1000;皮带宽度:650;刮刀高度:mm;刮刀材料:橡胶;刮刀宽度:r/min;序列号:280;类型:接触式;","件",1,{"$nulls":7},"焦化厂"]
[117,"C0930952","复式小托辊","Ф89*175/轴纹M16","皮带机托辊；规格型号：Ф89*175/轴纹M16；材质：-；图号：-","应用场合:活性石灰作业区;安装位置:套筒窑出灰皮带机;辊子直径:89;辊面宽度:175;卡槽尺寸:14;辊子类型:普通立辊;辊子总长度:175;辊子数量:40;","件",1,{"$nulls":7},"熔剂厂"]
[118,"C0930974","滚刷清扫器","YQ-XQ-Ⅰ-1200","清扫器；规格型号：YQ-XQ-Ⅰ-1200；材质：-；图号：-","应用场合:备煤炼焦煤皮带;安装位置:M6 ;驱动方式:1200;皮带宽度:mm;刮刀高度:80mm;刮刀材料:尼龙刷;刮刀宽度:650mm;序列号:280;类型:接触式;","件",1,{"$nulls":7},"焦化厂"]
[119,"C0938574","槽型托辊","φ108*120","皮带机托辊；规格型号：φ108*120；材质：-；图号：-","应用场合:长钢炼铁厂;安装位置:皮带两侧挡辊;辊子直径:108mm;辊子总长度:120mm;","件",1,{"$nulls":7},"炼钢厂"]
[120,"C0938602","压带辊","Ф76*180","皮带机托辊；规格型号：Ф76*180；材质：-；图号：00G202","应用场合:长钢炼钢厂;安装位置:管带机;辊子直径:76;辊面宽度:180;卡槽尺寸:带螺母;","件",1,{"$nulls":7},"炼钢厂"]
[121,"C0938823","锥形下调心包胶托辊","B=1000 φ108*φ185*558","皮带机托辊；规格型号：B=1000/Ф108*Ф185*558；材质：Q235；图号：100C461Z","应用场合:炼铁烧结;安装位置:B1000皮带机;辊子直径:108;辊面宽度:558;卡槽尺寸:18;辊子类型:锥形包胶;辊子总长度:588;","件",1,{"$nulls":7},"烧结"]
[122,"C0938924","锥形上调心包胶托辊","B=1000/Ф130*175*375","皮带机托辊；规格型号：B=1000/Ф130*175*375；材质：Q235；图号：100C514Z","应用场合:炼铁烧结;安装位置:B1000皮带机;辊子直径:130;辊面宽度:375;卡槽尺寸:18;辊子类型:锥形包胶;辊子总长度:405;","件",1,{"$nulls":7},"烧结"]
[123,"C0958055","螺旋托辊","Φ133*1400*30(17扁)","皮带机托辊；规格型号：Φ133*1400*30(17扁)；图号：-","应用场合:迁钢炼铁;安装位置:带焙往复布料器;辊子直径:133mm;辊面宽度:1400mm;卡槽尺寸:17mm;辊子总长度:1434mm;","件",1,{"$nulls":7},"焦化厂"]
[124,"C0959934","辊子组件","Ф76*180","皮带机托辊；规格型号：Ф76*180；材质：-；图号：DG2002Z11","应用场合:长钢炼钢厂;安装位置:管带机;辊子直径:76;辊面宽度:180;卡槽尺寸:带调整支架及底座;","件",1,{"$nulls":7},"炼钢厂"]
["合计"]
["注：1、单价为含税到厂承兑价，一票结算，税率13%；"]
["    2、报价时请务必注明报品牌、包装规格；"]
["    3、报价时附U盘Excel形式的电子表一份，不得改变表格顺序，不得删除。"]
["    投标人（章）：",null,null,"授权代表人（签字）："]

{"sheet":"滚筒的技术参数","index":1,"n_rows":40,"n_cols":24,"rows_kept":40,"merged":[[0,0,0,20],[1,0,2,0],[1,1,2,1],[1,2,2,2],[1,3,2,3],[1,4,2,4],[1,5,2,5],[1,6,2,6],[1,7,2,7],[1,8,2,8],[1,9,2,9],[1,10,2,10],[1,11,2,11],[1,12,2,12],[1,13,2,13],[1,14,2,14],[1,15,2,15],[1,16,2,16],[1,17,2,17],[1,18,2,18],[1,19,2,19],[1,20,2,20],[1,21,2,21],[1,22,2,22],[1,23,2,23]],"flags":["formulas_cached_only"]}
["炼铁厂在用滚筒统计 "]
["序号","物料代码","名称","规格型号","单位","使用地点","筒体材料","筒体结构","壁厚","轴材料","轴直径","胶层材质","胶层厚度","轴承型号","轴承品牌","轴承座材料","几孔瓦座","孔中心距","滚筒整体重量","其他要求","作业区","需求量","单价","总价"]
[]
[1,"C0232200","改向滚筒","TD2B2  ф400×750","件","矿2、3，焦2、3、4，返1、2尾轮皮带","钢板卷制","焊接件",10,"45#圆钢",80,null,null,1316,"哈瓦洛","铸铁",2,"280   F1,F2:350",156,null,"八高炉",4,1400,5600]
[2,"C0307731","改向滚筒","TD2B2   ф320×750","件","矿2、3，焦2、3、4，返1、2尾轮皮带","钢板卷制","焊接件","6mm","45#圆钢",{"$nulls":5},"铸铁",2,260,null,null,"八高炉",3,1427,4281]
[3,"C0232279","改向滚筒吊轮","DTII020B3081  ф400×750","件","返3吊轮上方","钢板卷制","焊接件",10,"45#圆钢",{"$nulls":5},"铸铁",2,380,null,null,"八高炉",1,2500,2500]
[4,"C0233762","吊轮","DTII020B4082  ф500×750","件","返3 吊轮","钢板卷制","焊接件",10,"45#圆钢",{"$nulls":5},"铸铁",2,350,null,null,"八高炉",1,3000,3000]
[5,"C0233349","改向滚筒","DTII(A)120B204   ф400×1400","件",null,"钢板卷制","焊接件",10,"45#圆钢",null,"NBR橡胶",{"$nulls":3},"铸铁",2,380,null,null,"八高炉",2,6000,12000]
[6,"C0232662","改向滚筒（吊轮上方）","DTII(A)120B205   ф500×1400","件",null,"钢板卷制","焊接件",14,"45#圆钢",150,"NBR橡胶",10,3524,"哈瓦洛","铸铁",2,440,739,"带涨套","八高炉",2,7200,14400]
[7,"C0232323","改向滚筒（铸胶）","DX5B2  ф500×1400","件","12号改向滚筒（铸胶）","钢板卷制","焊接件","16mm","45#圆钢","180mm","NBR橡胶","10mm",22228,"哈瓦洛","铸铁",4,70,null,null,"八高炉",2,8500,17000]
[8,"C0232200","改向滚筒","TD2B2  ф400×750","件","矿2、3，焦2、3、4，返1、2尾轮皮带","无缝钢管","焊接件",10,"45#圆钢",80,null,null,1312,"哈瓦洛","铸铁","2孔",null,156,null,"九高炉",5,1400,7000]
[9,"C0307731","改向滚筒","TD2B1  ф320×750","件","矿2、3，焦2、3、4，返1、2尾轮皮带","无缝钢管","焊接件",10,"45#圆钢","70mm",null,null,1310,"哈瓦洛","铸铁","2孔",{"$nulls":3},"九高炉",5,1427,7135]
[10,"C0232095","改向滚筒","TD5B2 ф400×1400","件",null,"无缝钢管","焊接件","10mm","45#圆钢","90mm",null,null,1312,"哈瓦洛","铸铁","2孔",null,"277kg",null,"九高炉",2,6000,12000]
[11,"C0312867","改向滚筒","TD5B3 ф500×1400","件",null,"钢板卷制","焊接件","10mm","45#圆钢","130mm",null,null,22220,"哈瓦洛","铸铁","4孔",null,"482kg",null,"九高炉",2,8500,17000]
[12,"C0232662",null,"DTII(A)Φ500*1400.120B205","件",null,"钢板卷制","焊接件","14mm","45#圆钢","150mm","NBR橡胶","14mm",22220,"哈瓦洛","铸铁",2,440,"418kg",null,"动力",1,8700,8700]
[13,"C0233349",null,"DTII(B)Φ400*1400.120B204","件",null,"钢板卷制","焊接件","14mm","45#圆钢","130mm","NBR橡胶","16mm",22220,"哈瓦洛","铸铁",2,440,"235kg",null,"动力",1,5000,5000]
[14,"C0083726",null,"DTII(A)Φ500*950","件",null,"钢板卷制","焊接件","14mm","45#圆钢","130mm","NBR橡胶","10mm",22220,"哈瓦洛","铸铁",2,380,"237kg",null,"动力",1,2769,2769]
[15,"C0233315",null,"DTII(A)Φ315*1400","件",null,"钢板卷制","焊接件",10,"45#圆钢","100mm","NBR橡胶","12mm",1316,"哈瓦洛","铸铁",2,350,"268kg",null,"动力",2,3000,6000]
[16,"C0233415",null,"DTII(A)Φ500*950","件",null,"钢板卷制","焊接件","14mm","45#圆钢","130mm","NBR橡胶","10mm",22220,"哈瓦洛","铸铁",2,380,"250kg",null,"动力",1,5700,5700]
[17,"C0232095","改向滚筒","Φ400×1400 TD5B2","件","喷煤","无缝钢管","焊接件",10,"45#圆钢",90,null,null,1312,"哈瓦洛","铸铁",2,440,277,null,"喷煤",2,2569,5138]
[18,"C0312867","改向滚筒","Φ500*1400 TD5B3","件","喷煤","钢板卷制","焊接件",10,"45#圆钢",130,null,null,22220,"哈瓦洛","铸铁",2,440,482,null,"喷煤",2,4384,8768]
[19,"C0233344","改向滚筒（铸胶）","DTⅡ05B3102 ¢400*1400","件","原料","钢板卷制","焊接件",16,"45#圆钢",null,"NBR橡胶",10,22228,"哈瓦洛","铸铁","单孔",380,556,"带涨套","原料",3,6000,18000]
[20,"C0232557","改向滚筒（铸胶）","DTⅡ05B4142 ¢500*1400","件","原料","钢板卷制","焊接件",16,"45#圆钢",null,"NBR橡胶",10,22228,"哈瓦洛","铸铁","单孔",480,925,"带涨套","原料",3,7200,21600]
[21,"C0232095","改向滚筒","TD5B2 ¢400*1400","件","原料","钢板卷制","焊接件",16,"45#圆钢",null,"NBR橡胶",10,1312,"哈瓦洛","铸铁","单孔",280,235,null,"原料",3,6000,18000]
[22,"C0312867","改向滚筒（铸胶）","TD5B3 ¢500×1400 ","件","原料","钢板卷制","焊接件",16,"45#圆钢",null,"NBR橡胶",10,22220,"哈瓦洛","铸铁","双孔","380*80",418,null,"原料",3,8500,25500]
[23,"C0233344","改向滚筒（铸胶）","DTⅡ05B3102 ¢400*1400","件","原料","钢板卷制","焊接件",16,"45#圆钢",null,"NBR橡胶",10,22228,"哈瓦洛","铸铁","单孔",380,556,"带涨套","原料",4,6000,24000]
[24,"C0232557","改向滚筒（铸胶）","DTⅡ05B4142¢500*1400","件","原料","钢板卷制","焊接件",16,"45#圆钢",null,"NBR橡胶",10,22228,"哈瓦洛","铸铁","单孔",480,925,"带涨套","原料",4,8500,34000]
[25,"C0232376","改向滚筒","DTⅡ05B2061 ¢315*1400","件","原料","钢板卷制","焊接件",16,"45#圆钢",null,"NBR橡胶",10,1312,"哈瓦洛","铸铁","单孔",280,255,null,"原料",3,3000,9000]
[26,"C0232279","改向滚筒","DTⅡ02B3081 ¢400*750","件","原料","钢板卷制","焊接件",16,"45#圆钢",null,"NBR橡胶",10,1316,"哈瓦洛","铸铁","单孔",350,251,null,"原料",3,2500,7500]
[27,"C0232542","改向滚筒（铸胶）","DTⅡ05B3122∮400*1400","件","原料","钢板卷制","焊接件",16,"45#圆钢",null,"NBR橡胶",10,22224,"哈瓦洛","铸铁","单孔",440,659,"带涨套","原料",3,6200,18600]
[28,"C0232497","改向滚筒（包胶）","TD2B1 320*750 两孔瓦座","件","烧结","无缝钢管","焊接件",10,"45#圆钢",70,"NBR橡胶",10,1310,"哈瓦洛","铸铁",2,"260mm",135,null,"烧结",2,1400,2800]
[29,"C0232200","改向滚筒","φ400×750 TD2B2","件","烧结","无缝钢管","焊接件",10,"45#圆钢",80,null,null,1312,"哈瓦洛","铸铁",2,"280mm",156,null,"烧结",2,1500,3000]
[30,"C0083726","改向滚筒","φ500*950 TD3B3","件","烧结","钢板卷制","焊接件",10,"45#圆钢",100,null,null,1316,"哈瓦洛","铸铁",2,"380mm",272,null,"烧结",3,2769,8307]
[31,"C0232307","改向滚筒","φ400×1150 TD4B2","件","烧结","无缝钢管","焊接件",10,"45#圆钢",80,null,null,1312,"哈瓦洛","铸铁",2,"280mm",234,null,"烧结",3,2076,6228]
[32,"C0312871","改向滚筒","φ500×750 TD2B3","件","烧结","钢板卷制","焊接件",10,"45#圆钢",80,null,null,1312,"哈瓦洛","铸铁",2,"280mm",183,null,"烧结",3,2600,7800]
[33,"C0232095","改向滚筒","φ400×1400 TD5B2","件","烧结","无缝钢管","焊接件",10,"45#圆钢",90,null,null,1312,"哈瓦洛","铸铁",2,"380mm",277,null,"烧结",4,6000,24000]
[34,"C0232289","传动滚筒","φ500*750 TD2A33","件","烧结","钢板卷制","焊接件",10,"45#圆钢",100,"NBR橡胶",12,1316,"哈瓦洛","铸铁",2,"350mm",278,null,"烧结",3,2800,8400]
[35,"C0312867","改向滚筒","TD5B3 Φ500*1400","件","烧结","钢板卷制","焊接件",10,"45#圆钢",130,null,null,22220,"哈瓦洛","铸铁",4,"380mm",482,null,"烧结",4,8500,34000]
[36,"C0232557","改向滚筒（铸胶）","DTⅡ05B4142 Φ500×1400","件","烧结","钢板卷制","焊接件",16,"45#圆钢",170,"NBR橡胶",10,22228,"哈瓦洛","铸铁",2,"480mm",925,"带涨套","烧结",4,7200,28800]
[{"$nulls":23},443526]